| 000 | 00826cam a2200253 i 4500 | ||
|---|---|---|---|
| 001 | 19162678 | ||
| 005 | 20240613062112.0 | ||
| 008 | 160701s2016 cau b 001 0 eng | ||
| 020 | _a9789386042279 | ||
| 040 |
_aDLC _beng _cDLC _erda _dDLC |
||
| 082 | 0 | 0 |
_a305.5/1220954 _223 |
| 100 | 1 | _aGhurye, G. S. | |
| 245 | 1 | 0 |
_aCaste and race in India / _cG.S. Ghurye. |
| 250 | _aFifth edition. | ||
| 260 |
_aNew Delhi _bSAGE Publication _c2016 |
||
| 300 | _a242, B-4, I-9 pages ; | ||
| 490 | 0 | _aSage texts | |
| 500 | _a"First published in 1932 by Popular Prakashan Pvt. Ltd"--Title page verso. | ||
| 500 | _aSecond and third editions (1950, 1956) have title: Caste and class in India; 4th edition (1961) has title: Caste, class, and occupation. | ||
| 650 | 0 | _aCaste | |
| 650 | 0 | _aEthnology | |
| 650 | 0 | _aHindus | |
| 942 | _cL | ||
| 999 |
_c5899 _d5899 |
||